000 00467nam a2200169 a 4500
001 0000-8887
003 ELIB.Books
008 110520 2008
035 _a(ELIB.Books)0000-9035
082 _aB.Th
_bKya
100 _aKyaw Soe, Saw
245 _aToday, the Work of the Holy Spirit in Relation to the Christ
260 _bInsein: Karen Baptist Theolgical Seminary
_c2008
650 _aThesis
942 _2ddc
_cBK
998 _cbat
_e2011-05-20
999 _c8887
_d8887